[Event "Open Parla 2008"]
[Site "Parla ESP"]
[Date "2008.09.09"]
[Round "4.6"]
[White "Fier, Alexandr"]
[Black "Adan Bermudez, Sergio"]
[Result "1/2-1/2"]
[WhiteElo "2558"]
[BlackElo "2205"]
[PlyCount "55"]
[EventDate "2008.09.06"]
[EventType "swiss"]
[EventRounds "9"]
[EventCountry "AUT"]
[Source "lmi"]
[SourceDate "2008.09.06"]

1. e4 c5 2. Nf3 b6 3. d4 cxd4 4. Nxd4 Bb7 5. Bg5 Bxe4 6. Qe2 Bc6 7. Nc3 Nf6 8.
Bxf6 gxf6 9. O-O-O e6 10. Qh5 Qc7 11. Ncb5 Qb7 12. Bc4 Bxb5 13. Bxb5 a6 14. Bc4
Nc6 15. Bxe6 dxe6 16. Nxe6 Ke7 17. Nf4 Bg7 18. Qh3 Rad8 19. Qa3+ Ke8 20. Rde1+
Kd7 21. Nh5 Bh6+ 22. Kb1 Kc8 23. Nxf6 Bd2 24. Re2 Bb4 25. Qg3 Bd6 26. Qg4+ Kb8
27. Rhe1 Be7 28. Qf3 1/2-1/2

[Event "Open Parla 2008"]
[Site "Parla ESP"]
[Date "2008.09.09"]
[Round "4.7"]
[White "Serrano Salvador, Eduardo"]
[Black "Vazquez Igarza, Renier"]
[Result "0-1"]
[WhiteElo "2341"]
[BlackElo "2540"]
[PlyCount "92"]
[EventDate "2008.09.06"]
[EventType "swiss"]
[EventRounds "9"]
[EventCountry "AUT"]
[Source "lmi"]
[SourceDate "2008.09.06"]

1. d4 d5 2. c4 c6 3. cxd5 cxd5 4. Bf4 Nc6 5. Nc3 Nf6 6. e3 a6 7. Bd3 Bg4 8.
Nge2 e6 9. O-O Bd6 10. f3 Bh5 11. Bxd6 Qxd6 12. Nf4 Bg6 13. Rc1 O-O 14. Bxg6
hxg6 15. Nd3 Rfc8 16. Na4 Rc7 17. Qd2 Re8 18. Nac5 e5 19. Nxe5 Nxe5 20. dxe5
Qxe5 21. Nd3 Qd6 22. Rxc7 Qxc7 23. Nf4 Qe5 24. Rd1 g5 25. Ne2 Qxe3+ 26. Qxe3
Rxe3 27. Kf2 Re7 28. Rc1 g6 29. Rc8+ Kg7 30. Rd8 Re6 31. Ke1 Re8 32. Rd6 Re6
33. Rd8 g4 34. f4 Re8 35. Rd6 Rh8 36. Rb6 Rxh2 37. Kf2 Ne4+ 38. Kg1 Rh8 39.
Rxb7 Rc8 40. Nc3 Nxc3 41. bxc3 Rxc3 42. Rd7 g3 43. Kf1 Rc2 44. Rxd5 Rf2+ 45.
Ke1 Rxa2 46. Kf1 Rf2+ 0-1

[Event "Open Parla 2008"]
[Site "Parla ESP"]
[Date "2008.09.09"]
[Round "4.8"]
[White "Ballesteros Gonzalez, David"]
[Black "Moreno Ruiz, Javier"]
[Result "0-1"]
[WhiteElo "2285"]
[BlackElo "2470"]
[PlyCount "68"]
[EventDate "2008.09.06"]
[EventType "swiss"]
[EventRounds "9"]
[EventCountry "AUT"]
[Source "lmi"]
[SourceDate "2008.09.06"]

1. d4 Nf6 2. c4 e6 3. g3 Bb4+ 4. Bd2 Qe7 5. Bg2 Nc6 6. a3 Bxd2+ 7. Qxd2 O-O 8.
Nc3 d6 9. Nf3 e5 10. O-O Bg4 11. e3 Rad8 12. Rac1 Qd7 13. Qd3 Rfe8 14. Nd2 exd4
15. exd4 Bf5 16. Nde4 Nxe4 17. Bxe4 Bxe4 18. Nxe4 Qf5 19. f3 d5 20. cxd5 Qxd5
21. Rc5 Qxd4+ 22. Qxd4 Rxd4 23. Rf2 Re7 24. Kg2 Ne5 25. Ra5 a6 26. Nc5 Nc4 27.
Ra4 a5 28. Rxc4 Rxc4 29. Nxb7 a4 30. Rd2 g6 31. Kf2 Kg7 32. Kg2 h5 33. Kf2 Re6
34. Kg2 Rb6 0-1

[Event "Open Parla 2008"]
[Site "Parla ESP"]
[Date "2008.09.09"]
[Round "4.10"]
[White "Gomez Peco, Pablo"]
[Black "Martinez Martin, David"]
[Result "1/2-1/2"]
[WhiteElo "2197"]
[BlackElo "2415"]
[PlyCount "84"]
[EventDate "2008.09.06"]
[EventType "swiss"]
[EventRounds "9"]
[EventCountry "AUT"]
[Source "lmi"]
[SourceDate "2008.09.06"]

1. d4 Nf6 2. c4 e6 3. Nc3 Bb4 4. Bd2 b6 5. a3 Bxc3 6. Bxc3 Ne4 7. Rc1 Bb7 8.
Nf3 O-O 9. g3 Ng5 10. Bg2 Nxf3+ 11. exf3 d5 12. b3 Qe7 13. Bb2 dxc4 14. bxc4
Rd8 15. Qe2 Nc6 16. Qe3 Qd7 17. Rd1 Na5 18. Qc3 Qa4 19. Bf1 f6 20. Be2 Ba6 21.
Qb4 Qxb4+ 22. axb4 Nxc4 23. Bxc4 Bxc4 24. Rc1 b5 25. Bc3 g5 26. f4 gxf4 27.
gxf4 Rd5 28. f3 Rh5 29. Kf2 Kf7 30. h4 Ke7 31. Ra1 a6 32. Ke3 Kd6 33. Rag1 Rb8
34. d5 e5 35. fxe5+ fxe5 36. Rg5 Rxg5 37. hxg5 Rg8 38. f4 exf4+ 39. Kxf4 Rf8+
40. Ke3 Rf3+ 41. Kxf3 Bxd5+ 42. Kf4 Bxh1 1/2-1/2

[Event "Open Parla 2008"]
[Site "Parla ESP"]
[Date "2008.09.09"]
[Round "4.11"]
[White "Gago Padreny, Ignacio"]
[Black "Arribas Lopez, Angel"]
[Result "0-1"]
[WhiteElo "2169"]
[BlackElo "2332"]
[PlyCount "74"]
[EventDate "2008.09.06"]
[EventType "swiss"]
[EventRounds "9"]
[EventCountry "AUT"]
[Source "lmi"]
[SourceDate "2008.09.06"]

1. d4 Nf6 2. c4 g6 3. Nc3 Bg7 4. e4 d6 5. Nf3 O-O 6. Be2 Nbd7 7. O-O e5 8. Be3
Re8 9. d5 Nh5 10. Ne1 Nf4 11. Nd3 Nxe2+ 12. Qxe2 f5 13. f3 f4 14. Bf2 Bf8 15.
b4 Nf6 16. c5 Re7 17. Rfc1 Rg7 18. cxd6 cxd6 19. Kf1 g5 20. Ke1 g4 21. Kd2 Nh5
22. Ne1 g3 23. hxg3 fxg3 24. Be3 Nf4 25. Bxf4 exf4 26. Nc2 Re7 27. Nb5 Bg7 28.
Nbd4 a5 29. a3 Qb6 30. Qd3 Rc7 31. Rab1 Bd7 32. b5 Rac8 33. a4 h5 34. Rh1 Rxc2+
35. Nxc2 Qf2+ 36. Kc1 Qxg2 37. Rd1 Rc3 0-1

[Event "Open Parla 2008"]
[Site "Parla ESP"]
[Date "2008.09.09"]
[Round "4.12"]
[White "Elissalt Cardenas, Hector"]
[Black "Vazquez Gonzalez, Jesus"]
[Result "1/2-1/2"]
[WhiteElo "2317"]
[BlackElo "2080"]
[PlyCount "73"]
[EventDate "2008.09.06"]
[EventType "swiss"]
[EventRounds "9"]
[EventCountry "AUT"]
[Source "lmi"]
[SourceDate "2008.09.06"]

1. d4 Nf6 2. Nf3 e6 3. e3 b6 4. Bd3 Bb7 5. Nbd2 c5 6. O-O d5 7. b3 Nc6 8. a3
Bd6 9. Bb2 Qc7 10. dxc5 bxc5 11. e4 Ne5 12. Bb5+ Kf8 13. exd5 exd5 14. Bxe5
Bxe5 15. Nxe5 Qxe5 16. Qf3 a6 17. Ba4 Qc7 18. Rfe1 h5 19. h3 Rh6 20. Qe3 Rg6
21. Qe5 Rc8 22. Qxc7 Rxc7 23. Re5 Re7 24. Rae1 Ng8 25. b4 Bc6 26. Bb3 c4 27.
Ba2 Rge6 28. Rxe6 Rxe6 29. Re3 Nf6 30. c3 Ba4 31. Bb1 d4 32. Rxe6 fxe6 33. Nxc4
dxc3 34. Ne3 Nd5 35. Nc2 Nb6 36. Ne3 Nd5 37. Nc2 1/2-1/2

[Event "Open Parla 2008"]
[Site "Parla ESP"]
[Date "2008.09.09"]
[Round "4.13"]
[White "Gomez, Gustavo Pizzocaro"]
[Black "Ruiz Saiz, Agustin"]
[Result "0-1"]
[WhiteElo "2076"]
[BlackElo "2274"]
[PlyCount "100"]
[EventDate "2008.09.06"]
[EventType "swiss"]
[EventRounds "9"]
[EventCountry "AUT"]
[Source "lmi"]
[SourceDate "2008.09.06"]

1. d4 d6 2. Nf3 g6 3. g3 Bg7 4. Bg2 f5 5. c4 Nf6 6. O-O O-O 7. Nc3 Qe8 8. d5
Na6 9. Rb1 Bd7 10. b4 c6 11. dxc6 bxc6 12. a3 Nc7 13. Bb2 Ne6 14. c5 Rd8 15.
Qa4 g5 16. Rfd1 Ne4 17. Qb3 Qf7 18. cxd6 exd6 19. Nd2 d5 20. e3 Nxf2 21. Kxf2
f4 22. Kg1 fxe3 23. Rf1 Qh5 24. Nf3 g4 25. Nh4 Nd4 26. Qd1 Rxf1+ 27. Qxf1 Rf8
28. Qd1 Nf3+ 29. Kh1 Nxh4 30. gxh4 Bf5 31. Nxd5 Bxb1 32. Ne7+ Kh8 33. Bxg7+
Kxg7 34. Qxb1 Qe5 35. Nxc6 Qc3 36. Qd1 e2 37. Qxe2 Qc1+ 38. Bf1 Qxf1+ 39. Qxf1
Rxf1+ 40. Kg2 Ra1 41. Kg3 h5 42. Kf4 Kf6 43. Nxa7 Rxa3 44. Nc6 Rf3+ 45. Ke4 Rf2
46. b5 Rxh2 47. Nb4 Rb2 48. Nd5+ Kf7 49. b6 g3 50. Kf3 g2 0-1

[Event "Open Parla 2008"]
[Site "Parla ESP"]
[Date "2008.09.09"]
[Round "4.14"]
[White "Perez Gonzalez, Jose Manuel"]
[Black "Anton Guijarro, David"]
[Result "0-1"]
[WhiteElo "2255"]
[BlackElo "2055"]
[PlyCount "98"]
[EventDate "2008.09.06"]
[EventType "swiss"]
[EventRounds "9"]
[EventCountry "AUT"]
[Source "lmi"]
[SourceDate "2008.09.06"]

1. e4 c5 2. Nf3 e6 3. d4 cxd4 4. Nxd4 a6 5. Be2 b5 6. a4 b4 7. Be3 Bb7 8. Nd2
Nf6 9. Bd3 d6 10. a5 Nbd7 11. N4b3 Be7 12. f4 Qc7 13. O-O h5 14. Kh1 h4 15. h3
Nh5 16. Re1 Rd8 17. Kg1 Qb8 18. Be2 Ng3 19. Bf3 e5 20. f5 Nf6 21. Bf2 Kf8 22.
Bxg3 hxg3 23. Qe2 Rh4 24. Nc1 Qc7 25. Nd3 d5 26. exd5 Nxd5 27. Qxe5 Bd6 28. Qe2
Kg8 29. Nb3 Bf4 30. Kh1 Bd6 31. Rad1 Nf6 32. Rf1 Bc8 33. Ne1 Bxf5 34. Qxa6 Bxh3
35. Qb6 Be6+ 36. Kg1 Qxb6+ 37. axb6 Bxb3 38. Rxd6 Rxd6 39. b7 Rb6 40. cxb3 Ne4
41. Nd3 Rxb7 42. Bxe4 Rxe4 43. Nc5 Rbe7 44. Nxe4 Rxe4 45. Rf3 Re1+ 46. Rf1
Rxf1+ 47. Kxf1 f5 48. Ke2 g5 49. Kf3 f4 0-1

[Event "Open Parla 2008"]
[Site "Parla ESP"]
[Date "2008.09.09"]
[Round "4.15"]
[White "Cortes Jurado, Rafael"]
[Black "Rodriguez Yuste, Marcelo"]
[Result "0-1"]
[WhiteElo "2040"]
[BlackElo "2243"]
[PlyCount "76"]
[EventDate "2008.09.06"]
[EventType "swiss"]
[EventRounds "9"]
[EventCountry "AUT"]
[Source "lmi"]
[SourceDate "2008.09.06"]

1. e4 c5 2. Nf3 e6 3. d4 cxd4 4. Nxd4 Nf6 5. Nc3 Nc6 6. Be3 Bb4 7. Bd3 d5 8.
Nxc6 bxc6 9. e5 Nd7 10. Qg4 Qa5 11. Bd2 d4 12. Qxd4 Qxe5+ 13. Qxe5 Nxe5 14. Be4
Bb7 15. Na4 Bxd2+ 16. Kxd2 O-O-O+ 17. Kc3 f5 18. Bd3 Nd7 19. b4 g6 20. f4 c5
21. Nxc5 Nxc5 22. bxc5 Bxg2 23. Rhe1 Rhe8 24. Re2 Bf3 25. Re3 Bd5 26. Rb1 Re7
27. Rb4 Rc7 28. Ba6+ Kd7 29. Kd4 Ke7 30. Kc3 Rxc5+ 31. Kb2 Rd6 32. Bd3 Rb6 33.
a3 Bc4 34. Bxc4 Rxc4 35. Reb3 Rbxb4 36. Rxb4 Rxb4+ 37. axb4 e5 38. fxe5 Ke6 0-1

[Event "Open Parla 2008"]
[Site "Parla ESP"]
[Date "2008.09.09"]
[Round "4.16"]
[White "Qasem, Abul"]
[Black "Sanchez Gonzalez, Sergio"]
[Result "0-1"]
[WhiteElo "2043"]
[BlackElo "2228"]
[PlyCount "44"]
[EventDate "2008.09.06"]
[EventType "swiss"]
[EventRounds "9"]
[EventCountry "AUT"]
[Source "lmi"]
[SourceDate "2008.09.06"]

1. e4 c5 2. Nf3 d6 3. d4 Nf6 4. Nc3 cxd4 5. Nxd4 e6 6. f4 Nc6 7. Be2 a6 8. Be3
Qc7 9. O-O Bd7 10. Kh1 h6 11. a4 Be7 12. Qe1 Nxd4 13. Bxd4 Bc6 14. a5 Nxe4 15.
Bxg7 Rg8 16. Bf3 Rxg7 17. Bxe4 d5 18. Bf3 O-O-O 19. Rd1 Bb4 20. Nxd5 Bxe1 21.
Nxc7 Rxd1 22. Ne8 Bxe8 0-1

[Event "Open Parla 2008"]
[Site "Parla ESP"]
[Date "2008.09.09"]
[Round "4.17"]
[White "Estrada Martinez, Cesar"]
[Black "Fuentes Arjona, Antonio"]
[Result "1/2-1/2"]
[WhiteElo "2225"]
[BlackElo "2042"]
[PlyCount "87"]
[EventDate "2008.09.06"]
[EventType "swiss"]
[EventRounds "9"]
[EventCountry "AUT"]
[Source "lmi"]
[SourceDate "2008.09.06"]

1. Nf3 Nf6 2. c4 c5 3. d4 cxd4 4. Nxd4 Nc6 5. Nc3 g6 6. e4 d6 7. Be2 Bg7 8. Be3
O-O 9. O-O Bd7 10. Nxc6 Bxc6 11. f3 a6 12. Qd2 Re8 13. Rfd1 Rb8 14. a4 a5 15.
Bf1 Nd7 16. Qf2 b6 17. Nb5 Nc5 18. Qc2 Rb7 19. Bd4 Bxb5 20. axb5 Bxd4+ 21. Rxd4
a4 22. Rdd1 Qc7 23. Qc3 Ra7 24. Bd3 Nxd3 25. Qxd3 Rc8 26. Rdc1 Qc5+ 27. Kh1 Ra5
28. h3 Rca8 29. Rc3 h5 30. f4 Qf2 31. f5 g5 32. Rc2 Qc5 33. Qf3 h4 34. Rc3 f6
35. Raa3 Qe5 36. Qg4 Kg7 37. Qe2 Rc8 38. Qc2 Qc5 39. Rxa4 Rxa4 40. Qxa4 Qd4 41.
Qc2 Rc5 42. Qe2 Re5 43. Re3 Rc5 44. Rc3 1/2-1/2

[Event "Open Parla 2008"]
[Site "Parla ESP"]
[Date "2008.09.09"]
[Round "4.18"]
[White "Jurado Rodriguez, Wilfredo"]
[Black "Penalosa Pinilla, Jesus"]
[Result "0-1"]
[WhiteElo "2030"]
[BlackElo "2224"]
[PlyCount "96"]
[EventDate "2008.09.06"]
[EventType "swiss"]
[EventRounds "9"]
[EventCountry "AUT"]
[Source "lmi"]
[SourceDate "2008.09.06"]

1. e4 c5 2. Nf3 Nc6 3. d3 g6 4. g3 Bg7 5. Bg2 d6 6. O-O e6 7. c3 Nge7 8. Re1
O-O 9. Bg5 h6 10. Be3 e5 11. Qd2 Kh7 12. Na3 f5 13. h4 Be6 14. Nc2 Qd7 15. h5
f4 16. gxf4 exf4 17. Bxf4 Bg4 18. Nh2 Bxh5 19. Bg3 g5 20. Ne3 Kh8 21. Rab1 Rf7
22. a3 Raf8 23. Rf1 Ne5 24. d4 cxd4 25. cxd4 N5g6 26. Rfe1 Nf4 27. Bf1 Bg6 28.
f3 d5 29. Bxf4 gxf4 30. Neg4 dxe4 31. fxe4 Qxd4+ 32. Qxd4 Bxd4+ 33. Kh1 h5 34.
Nh6 Rf6 35. Nf3 Be3 36. Bd3 Rd6 37. Ne5 Rxd3 38. Nxd3 Bxe4+ 39. Kh2 Kh7 40.
Rbd1 Kxh6 41. Ne5 Nd5 42. Nc4 Rc8 43. Nxe3 Nxe3 44. Rd6+ Kg5 45. Rd2 Rc2 46.
Rxc2 Bxc2 47. Kg1 Be4 48. Kf2 Bc6 0-1

[Event "Open Parla 2008"]
[Site "Parla ESP"]
[Date "2008.09.09"]
[Round "4.20"]
[White "Caceres Rodriguez, Jose Joaquin"]
[Black "Baigorri Navarro, Francisco Javie"]
[Result "0-1"]
[WhiteElo "2020"]
[BlackElo "2178"]
[PlyCount "54"]
[EventDate "2008.09.06"]
[EventType "swiss"]
[EventRounds "9"]
[EventCountry "AUT"]
[Source "lmi"]
[SourceDate "2008.09.06"]

1. Nf3 g6 2. c4 Bg7 3. e4 d6 4. d4 Nf6 5. Nc3 O-O 6. Be2 Nbd7 7. O-O e5 8. Qc2
Re8 9. Rd1 c6 10. d5 c5 11. a3 Bf8 12. Ne1 Be7 13. b4 b6 14. Rb1 Kh8 15. Nd3
Rf8 16. f4 exf4 17. Bxf4 Re8 18. e5 dxe5 19. Bxe5 cxb4 20. d6 Bf8 21. Bxf6+
Qxf6 22. Nxb4 Bb7 23. Qd2 Bg7 24. Nb5 Bh6 25. Qxh6 Rxe2 26. Nd5 Qf2+ 27. Kh1
Qxg2# 0-1

[Event "Open Parla 2008"]
[Site "Parla ESP"]
[Date "2008.09.09"]
[Round "4.21"]
[White "Cabanas Bravo, Juan Andres"]
[Black "Ferreira, Henrique Camara"]
[Result "1-0"]
[WhiteElo "2019"]
[BlackElo "2151"]
[PlyCount "65"]
[EventDate "2008.09.06"]
[EventType "swiss"]
[EventRounds "9"]
[EventCountry "AUT"]
[Source "lmi"]
[SourceDate "2008.09.06"]

1. e4 e6 2. d4 d5 3. Nc3 Nf6 4. Bg5 Bb4 5. e5 h6 6. exf6 hxg5 7. fxg7 Rg8 8. h4
gxh4 9. Qg4 Qf6 10. Rxh4 Qxg7 11. Qxg7 Rxg7 12. Rh8+ Kd7 13. Nf3 f6 14. O-O-O
Nc6 15. g3 Bxc3 16. bxc3 Nd8 17. c4 Nf7 18. Rh4 c6 19. cxd5 cxd5 20. c4 dxc4
21. Bxc4 Nd6 22. Bb3 Ke7 23. Re1 Kf7 24. Rh8 Ne8 25. d5 Nc7 26. dxe6+ Ke7 27.
Nh4 Rg5 28. f4 Rc5+ 29. Kb2 Rb5 30. Ng6+ Kd6 31. Rd8+ Kc5 32. Rc1+ Kb6 33. Rd6+
1-0

[Event "Open Parla 2008"]
[Site "Parla ESP"]
[Date "2008.09.09"]
[Round "4.22"]
[White "Ivanovitch Balsinde, Nicolas"]
[Black "Sanchez-Alarcos Galian, Victor"]
[Result "1/2-1/2"]
[WhiteElo "2149"]
[BlackElo "2026"]
[PlyCount "98"]
[EventDate "2008.09.06"]
[EventType "swiss"]
[EventRounds "9"]
[EventCountry "AUT"]
[Source "lmi"]
[SourceDate "2008.09.06"]

1. e4 c6 2. d4 d5 3. exd5 cxd5 4. c4 Nf6 5. Nc3 g6 6. cxd5 Nxd5 7. Bc4 Nb6 8.
Bb3 Bg7 9. Nf3 Nc6 10. Be3 O-O 11. h3 Nb4 12. O-O N4d5 13. Qd2 Nxe3 14. fxe3 e5
15. Rad1 exd4 16. exd4 Bd7 17. d5 Rc8 18. d6 Nc4 19. Bxc4 Qb6+ 20. Kh1 Rxc4 21.
Nd5 Qxb2 22. Ne7+ Kh8 23. Ng5 Qxd2 24. Rxd2 f5 25. Re2 Rd4 26. Ne6 Bxe6 27.
Rxe6 Rd8 28. Rc1 Bf8 29. Rc7 R4xd6 30. Rxd6 Rxd6 31. Rxb7 Bxe7 32. Rxe7 Ra6 33.
Re2 Kg7 34. Kh2 Ra3 35. g3 Kf6 36. Kg2 Kg5 37. Kf2 f4 38. Re5+ Kf6 39. gxf4
Rxa2+ 40. Kg3 Ra3+ 41. Kh4 h5 42. Rc5 Rf3 43. Ra5 Rxf4+ 44. Kg3 Re4 45. Rxa7
Re3+ 46. Kg2 Kf5 47. Ra5+ Kf4 48. Ra4+ Re4 49. Ra2 Rb4 1/2-1/2

[Event "Open Parla 2008"]
[Site "Parla ESP"]
[Date "2008.09.09"]
[Round "4.23"]
[White "Lopez-Andujar Ocana, Antonio"]
[Black "Tejedor Ariza, Francisco"]
[Result "1/2-1/2"]
[WhiteElo "2138"]
[BlackElo "2010"]
[PlyCount "79"]
[EventDate "2008.09.06"]
[EventType "swiss"]
[EventRounds "9"]
[EventCountry "AUT"]
[Source "lmi"]
[SourceDate "2008.09.06"]

1. c4 e6 2. Nc3 Nf6 3. g3 d5 4. Bg2 c6 5. b3 b6 6. d4 Bb7 7. Nf3 Bb4 8. Bd2 O-O
9. O-O dxc4 10. bxc4 Nbd7 11. Qb3 Be7 12. e4 e5 13. dxe5 Nxe5 14. Bf4 Ng6 15.
Rad1 Qc8 16. Bd6 Bxd6 17. Rxd6 Qc7 18. Rfd1 Rfd8 19. c5 Ne8 20. e5 Nxd6 21.
cxd6 Qd7 22. Ng5 Nxe5 23. f4 h6 24. Bh3 Qe8 25. fxe5 hxg5 26. e6 fxe6 27. Bxe6+
Kh8 28. Ne4 Qg6 29. g4 Bc8 30. Qh3+ Qh6 31. Qxh6+ gxh6 32. d7 Ba6 33. Rd6 Kg7
34. Bf5 Rh8 35. Rxc6 Bb5 36. Rg6+ Kf8 37. Rf6+ Ke7 38. Re6+ Kf8 39. Rd6 Ke7 40.
Re6+ 1/2-1/2

[Event "Open Parla 2008"]
[Site "Parla ESP"]
[Date "2008.09.09"]
[Round "4.24"]
[White "Fernandez Garcia, Ignacio"]
[Black "Lopez de Turiso Sanchez, Jose Ang"]
[Result "1-0"]
[WhiteElo "1988"]
[BlackElo "2137"]
[PlyCount "47"]
[EventDate "2008.09.06"]
[EventType "swiss"]
[EventRounds "9"]
[EventCountry "AUT"]
[Source "lmi"]
[SourceDate "2008.09.06"]

1. e4 e5 2. f4 exf4 3. Nf3 Nf6 4. Bc4 Nxe4 5. O-O d5 6. Qe2 Be7 7. Bb3 O-O 8.
d4 g5 9. c4 c6 10. Nc3 Nxc3 11. bxc3 Bf5 12. Ne5 dxc4 13. Bxc4 Nd7 14. Ng4 Bxg4
15. Qxg4 h6 16. Bxf4 Nf6 17. Qf5 gxf4 18. Rxf4 Kg7 19. Raf1 Qc8 20. Qe5 Qd7 21.
Rxf6 Bxf6 22. Rxf6 Kh7 23. Bd3+ Kg8 24. Qg3+ 1-0

[Event "Open Parla 2008"]
[Site "Parla ESP"]
[Date "2008.09.09"]
[Round "4.25"]
[White "Cerrato Torrijos, Maria"]
[Black "Argente Rodriguez, Juan Jose"]
[Result "1-0"]
[WhiteElo "1877"]
[BlackElo "2129"]
[PlyCount "53"]
[EventDate "2008.09.06"]
[EventType "swiss"]
[EventRounds "9"]
[EventCountry "AUT"]
[Source "lmi"]
[SourceDate "2008.09.06"]

1. e4 e5 2. Nf3 Nf6 3. Nxe5 d6 4. Nf3 Nxe4 5. Nc3 Nxc3 6. dxc3 Be7 7. Bf4 O-O
8. Qd2 Nd7 9. O-O-O Nc5 10. Be3 c6 11. h4 Bg4 12. Qd4 h5 13. Be2 Qa5 14. Kb1
Ne6 15. Qd2 Rac8 16. Ng5 Nxg5 17. hxg5 Bxe2 18. Qxe2 g6 19. g4 Bxg5 20. gxh5
Rfe8 21. hxg6 fxg6 22. Qg4 Re5 23. Bd4 Rf5 24. f4 c5 25. Be3 Re8 26. Rxd6 Kg7
27. Qh3 1-0

[Event "Open Parla 2008"]
[Site "Parla ESP"]
[Date "2008.09.09"]
[Round "4.28"]
[White "Penaranda Grilo, Juan Carlos"]
[Black "Salcedo Tornero, Pablo"]
[Result "0-1"]
[WhiteElo "1961"]
[BlackElo "2157"]
[PlyCount "94"]
[EventDate "2008.09.06"]
[EventType "swiss"]
[EventRounds "9"]
[EventCountry "AUT"]
[Source "lmi"]
[SourceDate "2008.09.06"]

1. d4 d5 2. Nf3 Nf6 3. e3 e6 4. c4 dxc4 5. Bxc4 a6 6. a4 c5 7. O-O Nc6 8. Nc3
Qc7 9. d5 exd5 10. Nxd5 Nxd5 11. Qxd5 Be6 12. Qe4 Qe7 13. Bxe6 Qxe6 14. Qxe6+
fxe6 15. Rd1 Be7 16. Bd2 O-O-O 17. Bc3 Bf6 18. Rdc1 b6 19. Kf1 Kc7 20. Ke2 Rd7
21. Bxf6 gxf6 22. Rd1 Rhd8 23. Rxd7+ Rxd7 24. Rc1 Rg7 25. g3 Rg4 26. b3 Na5 27.
Nd2 Kc6 28. f3 Rb4 29. Rc3 f5 30. Kd3 b5 31. axb5+ axb5 32. e4 fxe4+ 33. fxe4
Kd6 34. Ke3 e5 35. Kd3 Nxb3 36. Nxb3 Rxb3 37. Rxb3 c4+ 38. Kc3 cxb3 39. Kxb3
Kc5 40. Kc3 b4+ 41. Kd3 b3 42. Kc3 b2 43. Kxb2 Kd4 44. Kc2 Kxe4 45. Kd2 Kf3 46.
g4 e4 47. g5 Kf2 0-1

[Event "Open Parla 2008"]
[Site "Parla ESP"]
[Date "2008.09.09"]
[Round "4.30"]
[White "Gonzalo Gonzalez, Francisco"]
[Black "Molina Rodriguez, Jorge Luis"]
[Result "0-1"]
[WhiteElo "1858"]
[BlackElo "2105"]
[PlyCount "86"]
[EventDate "2008.09.06"]
[EventType "swiss"]
[EventRounds "9"]
[EventCountry "AUT"]
[Source "lmi"]
[SourceDate "2008.09.06"]

1. e4 c6 2. d4 d5 3. Nc3 dxe4 4. Nxe4 Bf5 5. Nc5 b6 6. Nb3 e6 7. Nf3 Bd6 8. Be3
Nf6 9. Nh4 Be4 10. Bg5 h6 11. Bxf6 Qxf6 12. Nf3 Bxf3 13. gxf3 a5 14. Qd3 Bf4
15. Nd2 Bxd2+ 16. Kxd2 a4 17. Re1 Qg5+ 18. Re3 Nd7 19. h4 Qa5+ 20. Kc1 Nf6 21.
Bh3 Qb5 22. Qd2 Rd8 23. Rhe1 O-O 24. Rg1 Qc4 25. Ra3 Kh8 26. Bf1 Qd5 27. Rxa4
b5 28. Ra3 Qxd4 29. Rd3 Qb6 30. Qe3 Qc7 31. f4 Nd5 32. Qg3 Qxf4+ 33. Qxf4 Nxf4
34. Rc3 Rd6 35. Rg4 e5 36. Re3 Rfd8 37. Re1 f6 38. Rg3 Rd4 39. Rc3 R8d6 40. b3
Kg8 41. Bh3 Nd5 42. Rd3 Rxd3 43. cxd3 Nf4 0-1

[Event "Open Parla 2008"]
[Site "Parla ESP"]
[Date "2008.09.09"]
[Round "4.31"]
[White "Quintero Torres, Pedro"]
[Black "Sanchez Rodriguez, Jaime"]
[Result "1-0"]
[WhiteElo "2095"]
[BlackElo "1963"]
[PlyCount "45"]
[EventDate "2008.09.06"]
[EventType "swiss"]
[EventRounds "9"]
[EventCountry "AUT"]
[Source "lmi"]
[SourceDate "2008.09.06"]

1. e4 d5 2. exd5 Nf6 3. Nc3 Nxd5 4. Bc4 e6 5. d4 Nc6 6. Nf3 Bb4 7. Bd2 Nb6 8.
Bb5 Bd7 9. a3 Bd6 10. O-O a6 11. Bd3 Qe7 12. Ne4 O-O-O 13. c4 h6 14. c5 Bxh2+
15. Nxh2 Nd5 16. Nc3 Nxd4 17. Nxd5 exd5 18. Re1 Ne6 19. Rc1 Rhe8 20. c6 Bxc6
21. Bxa6 Qd7 22. Bd3 g6 23. Nf3 1-0

[Event "Open Parla 2008"]
[Site "Parla ESP"]
[Date "2008.09.09"]
[Round "4.32"]
[White "Sanchez Garcia, Manuel"]
[Black "Laynez Aspenberg, Jose Miguel"]
[Result "1-0"]
[WhiteElo "2062"]
[BlackElo "1935"]
[PlyCount "81"]
[EventDate "2008.09.06"]
[EventType "swiss"]
[EventRounds "9"]
[EventCountry "AUT"]
[Source "lmi"]
[SourceDate "2008.09.06"]

1. c4 c5 2. Nf3 Nf6 3. g3 g6 4. Bg2 Bg7 5. O-O O-O 6. Nc3 Nc6 7. d4 cxd4 8.
Nxd4 Ng4 9. e3 d6 10. h3 Nxd4 11. exd4 Nh6 12. g4 f5 13. g5 Nf7 14. h4 e6 15.
Ne2 e5 16. dxe5 dxe5 17. Qxd8 Nxd8 18. Bd5+ Be6 19. Be3 Bxd5 20. cxd5 Nf7 21.
Rac1 Rfc8 22. Rxc8+ Rxc8 23. Bxa7 Bf8 24. Nc3 Rc4 25. f4 exf4 26. Rd1 Nd6 27.
Bb8 Kf7 28. Re1 Ne4 29. Nxe4 fxe4 30. Bxf4 Rd4 31. Be5 Rxd5 32. Rxe4 Rd2 33.
Kf1 Bc5 34. Ke1 Rg2 35. b4 Be7 36. a4 Ra2 37. a5 Ra4 38. Bc3 Bd6 39. Kd2 Ra2+
40. Kd3 Bg3 41. Bf6 1-0

[Event "Open Parla 2008"]
[Site "Parla ESP"]
[Date "2008.09.09"]
[Round "4.33"]
[White "Ferreiro Calvo, Manuel"]
[Black "Callejo Hernanz, Jesus Maria"]
[Result "1-0"]
[WhiteElo "2034"]
[BlackElo "1852"]
[PlyCount "103"]
[EventDate "2008.09.06"]
[EventType "swiss"]
[EventRounds "9"]
[EventCountry "AUT"]
[Source "lmi"]
[SourceDate "2008.09.06"]

1. Nf3 c5 2. c4 Nc6 3. g3 g6 4. Bg2 Bg7 5. O-O d6 6. Nc3 e5 7. d3 Nge7 8. Bd2
O-O 9. Qc1 Re8 10. Bh6 Bh8 11. Rb1 Nf5 12. Bg5 f6 13. Bd2 Rb8 14. Ne1 Be6 15.
e3 Qd7 16. a3 Nfe7 17. b4 b6 18. Qc2 Rec8 19. b5 Nd8 20. e4 Nf7 21. f4 exf4 22.
gxf4 f5 23. Ne2 fxe4 24. dxe4 Re8 25. Nf3 Bh3 26. Ng3 Bxg2 27. Kxg2 Rf8 28. Qd3
Qb7 29. Be3 Rbe8 30. h3 Bg7 31. Kh2 Kh8 32. Rbd1 Ng8 33. Nd2 a6 34. bxa6 Qxa6
35. Rb1 Nf6 36. Rb3 Ra8 37. Rfb1 Rfd8 38. Ne2 d5 39. cxd5 Qa4 40. Nc3 Qe8 41.
Nc4 Nd7 42. Nb5 g5 43. Nc7 Qg8 44. Nxa8 gxf4 45. Bxf4 Rxa8 46. Rg1 Qf8 47. Rf1
Qe8 48. Nxb6 Nxb6 49. Rxb6 Ne5 50. Qg3 Qh5 51. Rb7 Rg8 52. Rxg7 1-0

[Event "Open Parla 2008"]
[Site "Parla ESP"]
[Date "2008.09.09"]
[Round "4.34"]
[White "Montanes Arribas, Adrian"]
[Black "Lopez Garralon, Miguel"]
[Result "1-0"]
[WhiteElo "2034"]
[BlackElo "1693"]
[PlyCount "101"]
[EventDate "2008.09.06"]
[EventType "swiss"]
[EventRounds "9"]
[EventCountry "AUT"]
[Source "lmi"]
[SourceDate "2008.09.06"]

1. e4 e6 2. d4 d5 3. Nc3 dxe4 4. Nxe4 Bd7 5. Nf3 Bc6 6. Bd3 Nd7 7. O-O Ngf6 8.
Ng3 Bxf3 9. Qxf3 c6 10. Re1 Bd6 11. c3 Qc7 12. a4 O-O 13. Bc2 Rfe8 14. Bg5 h6
15. Bc1 Rad8 16. a5 e5 17. Nf5 e4 18. Qh3 Bf4 19. a6 b5 20. Qh4 Bxc1 21. Raxc1
Re6 22. Rcd1 Rde8 23. Re3 Nf8 24. Qg3 Qxg3 25. Nxg3 N8d7 26. Rde1 Nb8 27. Nxe4
Nxa6 28. Nxf6+ gxf6 29. Bf5 Rxe3 30. Rxe3 Rxe3 31. fxe3 Kf8 32. Bc8 Nb8 33. Kf2
Ke7 34. Kf3 Kd6 35. e4 a5 36. Ke3 c5 37. dxc5+ Kxc5 38. g4 Kc4 39. Kd2 Nc6 40.
Bb7 Ne5 41. Bd5+ Kc5 42. h3 Nc4+ 43. Bxc4 Kxc4 44. Kc2 Kc5 45. h4 Kd6 46. Kd3
Ke5 47. Ke3 b4 48. cxb4 axb4 49. b3 f5 50. gxf5 f6 51. h5 1-0